Science Quiz

Random Science or Animal Quiz

One-Syllable Animals A-Z Quiz Stats

 Plays Quiz Updated Dec 16, 2018

Score 0/22 Timer 05:00
3 Plays Today
% Correct
Fox
99.1%
Moose
96.5%
Crow
96.5%
Wolf
96.4%
Hare
95.5%
Dove
94.6%
Rat
93.4%
Sloth
93.4%
Boar
92.9%
Eel
91.4%
Yak
89.7%
% Correct
Lynx
88.2%
Quail
85.5%
Newt
81.3%
Gnat
76.2%
Jay
70.3%
Vole
67.4%
Asp
66.5%
Pike
57.9%
Kite
43.6%
Tang
28.1%
Olm
4.4%

You're not logged in!

Compare scores with friends on all Sporcle quizzes.
OR
Log In

You Might Also Like...

Show Comments

Extras

Top Quizzes Today


Score Distribution

Your Account Isn't Verified!

In order to create a playlist on Sporcle, you need to verify the email address you used during registration. Go to your Sporcle Settings to finish the process.

Report this User

Report this user for behavior that violates our Community Guidelines.

Details: